Online Catalogue and eLibrary

The greeks and the maurayas (Record no. 5413)

MARC details
000 -LEADER
fixed length control field 00423nam a2200169Ia 4500
005 - DATE AND TIME OF LATEST TRANSACTION
control field 20241120005104.0
008 - FIXED-LENGTH DATA ELEMENTS--GENERAL INFORMATION
fixed length control field 240331s9999 xx 000 0 und d
082 ## - DDC Classification
Item Number - Author Mark PAR
Class No. 900
100 ## - MAIN ENTRY--PERSONAL NAME
Personal name Paranavitana,S
245 #4 - TITLE STATEMENT
Title The greeks and the maurayas
260 ## - PUBLICATION, DISTRIBUTION, ETC.
Place of publication, distribution, etc. Colombo
Name of publisher, distributor, etc. Lake House Investments Limited
Date of publication, distribution, etc. 1971
300 ## - PHYSICAL DESCRIPTION
Extent (e.g. Volumes, Pages etc.) vii, 188 p .,
650 ## - SUBJECT ADDED ENTRY--TOPICAL TERM
Topical term or geographic name entry element Sanskrit
650 ## - SUBJECT ADDED ENTRY--TOPICAL TERM
Topical term or geographic name entry element History
650 ## - SUBJECT ADDED ENTRY--TOPICAL TERM
Topical term or geographic name entry element Geographical
942 ## - Koha item type (Biblio)
Koha item type Books in Stacks (Lending)
Holdings
Lost status Damaged status Collection code Home library Current library Shelving location Date acquired Full call number Accession Number Item type
    Lending WERC Library WERC Library Social Science Cupboard 03/31/2024 900 PAR 1015 Books in Stacks (Lending)

© WERC Library